| 000 | 01124nam a2200277 a 4500 | ||
|---|---|---|---|
| 001 | 000046489 | ||
| 003 | DO-SdBNP | ||
| 005 | 20230726113908.0 | ||
| 008 | 150819s2015 dr r 000 0 spa d | ||
| 020 | _a9789945166835 | ||
| 040 |
_aDO-SdBNP _bspa _cBPMSU |
||
| 082 | 4 |
_a808.5 _bP438d 2015 _222 |
|
| 100 | 1 | _aPérez M., Diomarys A. | |
| 245 | 1 | 0 |
_aDiscurso ideológico e identidad dominicana. / _cDiomarys A. Pérez M. : prólogo Gerardo Roa Ogando. |
| 260 |
_aSanto Domingo : _bEditora Búho, _c2015. |
||
| 300 |
_a354 p. ; _c23 cm. |
||
| 505 | _aDiscurso ideológico 35 -- Identidad personal e identidad cultural 91 -- Discurso identitario de la República Dominicana 159 -- Dos ejemplos ideológicos: el discurso de los políticos dominicanos y el discurso educativo 239 | ||
| 590 | _aInventariado, 2023/VM | ||
| 650 | 4 |
_aOratoria dominicana _xHistoria y crítica. |
|
| 650 | 4 | _aAnálisis del discurso | |
| 650 | 4 | _aArgumentación (Retórica) | |
| 650 | 4 |
_aIdentidad cultural _zRepública Dominicana |
|
| 700 | 1 |
_aRoa Ogando, Gerardo _eprol. |
|
| 910 | _aVMateo V. Control de calidad. BPMSU | ||
| 942 |
_2ddc _cBK |
||
| 999 |
_c14453 _d14453 |
||